Oxford wordpower dictionary

Radically revised and updated, the 'Oxford Wordpower Dictionary' is full of helpful new features to assist intermediate and upper-intermediate learners.

Gespeichert in:
Bibliographische Detailangaben
Format: Buch
Sprache:Undetermined
Veröffentlicht: New York Oxford University Press 2012
Schlagworte:
Tags: Tag hinzufügen
Keine Tags, Fügen Sie den ersten Tag hinzu!
Thư viện lưu trữ: Trung tâm Học liệu Trường Đại học Cần Thơ
LEADER 00676nam a2200193Ia 4500
001 CTU_188143
008 210402s9999 xx 000 0 und d
020 |c 273000 
082 |a 423.1 
082 |b O.98 
245 0 |a Oxford wordpower dictionary 
260 |a New York 
260 |b Oxford University Press 
260 |c 2012 
520 |a Radically revised and updated, the 'Oxford Wordpower Dictionary' is full of helpful new features to assist intermediate and upper-intermediate learners. 
650 |a English language,Anh ngữ,Anglais (langue) 
650 |x Idioms,Thành ngữ 
904 |i Bằng 
980 |a Trung tâm Học liệu Trường Đại học Cần Thơ